00460nam a2200145Ia 450000500170000000800410001702000180005808200200007610000490009624500970014525000120024226000340025430000170028844000090030520241029092458.0240126s9999 xx 000 0 und d a9789384494476 a394.2 SRI;1 R aSrikanth, S. Asif, Niha. Shruthi, Prabhakar. 0aPrinciples of event management : as per new CBCS syllabus, 4th sem Bcom Bangalore university a1st ed. bSkyward Pub.aBangalorec2016 axii, 5.30+C5 aNULL